| 000 | 00663nab a2200205 a 4500 | ||
|---|---|---|---|
| 005 | 20210219155744.0 | ||
| 008 | 991125s1985 mx 000 0 spa u | ||
| 035 | _aUPN01000151317 | ||
| 100 | 1 | _aGarcía Carmona, Antonio | |
| 100 | 1 | _ugarcia-carmona@us.es | |
| 222 | _aINVESTIGACION EN LA ESCUELA | ||
| 245 | _aInteracciones CTS en el aprendizaje del electromagnetismo : una experiencia para el desarrollo de actitudes de responsabilidad | ||
| 260 | _aSevilla, España | ||
| 300 | _a79-91 | ||
| 362 | 0 | _a2006 No. 58 | |
| 653 | 0 | _aRADIACIONES ELECTROMAGNETICAS | |
| 653 | 0 | _aEDUCACION SECUNDARIA | |
| 653 | 0 | _aEDUCACION CIENTIFICA | |
| 905 | _aArticulo | ||
| 999 |
_c123455 _d123455 |
||